Vybrané kapitoly z didaktiky matematiky 1 : pro učitelství 1. stupně ZŠ /

Hlavní autor: Novák, Bohumil, 1949-
Korporativní autor: Univerzita Palackého. Pedagogická fakulta
Jazyk: Čeština
Vydáno: Olomouc : Univerzita Palackého, 2003
Vydání: 1. vyd.
Edice: Skripta / Univerzita Palackého. Pedagogická fakulta
Témata:
Fyzický popis: 67 s. ; 30 cm
Knihy
Uloženo v:
LEADER 01745nam a2200433 a 4500
001 000698434
003 CZ BrMZK
005 20060912115008.0
007 ta
008 031201s2003 xr e p 000 0 cze d
015 |a cnb001286691 
020 |a 80-244-0691-8  |q (brož.) 
035 |a (OCoLC)56867180 
040 |a OLA001  |b cze  |d BOA001 
072 7 |a 51  |x Matematika  |2 Konspekt  |9 13 
072 7 |a 37.016  |x Učební osnovy. Vyučovací předměty. Učebnice  |2 Konspekt  |9 22 
080 |a 51  |2 MRF 
080 |a 37.016.026  |2 MRF 
080 |a 373.3  |2 MRF 
080 |a (075.8)  |2 MRF 
100 1 |a Novák, Bohumil,  |d 1949-  |7 jn20001227756  |4 aut 
245 1 0 |a Vybrané kapitoly z didaktiky matematiky 1 :  |b pro učitelství 1. stupně ZŠ /  |c Bohumil Novák 
250 |a 1. vyd. 
260 |a Olomouc :  |b Univerzita Palackého,  |c 2003 
300 |a 67 s. ;  |c 30 cm 
490 1 |a Skripta / Univerzita Palackého. Pedagogická fakulta 
500 |a Nad názvem: Univerzita Palackého v Olomouci. Pedagogická fakulta 
504 |a Obsahuje bibliografii 
521 |a Určeno pro studenty KS oboru učitelství 1. stupně ZŠ 
650 0 7 |a matematika  |7 ph117231  |2 czenas 
650 0 7 |a předmětová didaktika  |7 ph162893  |2 czenas 
650 0 7 |a základní školy  |7 ph116795  |2 czenas 
655 7 |a učebnice vysokých škol  |7 fd133772  |2 czenas 
710 2 |a Univerzita Palackého.  |b Pedagogická fakulta  |7 kn20010709375 
810 2 |a Univerzita Palackého.  |b Pedagogická fakulta.  |t Skripta  |0 s 
910 |a BOA001  |b 3-1124.995 
990 |a BK 
996 6 |b 2610206449  |c 3-1124.995  |l MZK  |r Sklad / do 1 hodiny  |n 1  |p p.v.  |w 000698434  |u 000010  |a 1  |e BOA001  |j MZK50  |s P 
996 7 |b 2610206450  |c 3-1124.995  |l MZK  |r Sklad / do 1 hodiny  |n 33  |p kup  |w 000698434  |u 000020  |a 1  |e BOA001  |j MZK50  |s A